01263aam a2200349 i 4500952015400000999001700154001001000171003001000181005001700191007000300208008004100211010001600252020001500268040004500283041000800328082002300336100003600359245014700395264005800542264001200600300003300612336002700645337003300672338002800705490002300733504007600756563001400832630001900846830002900865942000700894945001200901 00102ddc40708GENaFUSBCbFUSBCd2020-06-11eColección Terry Ml0oG 226.4066 F288ip5885r2020-06-11 00:00:00tEj.1w2020-06-11yBKk1IINV2023 c66107d66107768714001CO-MdFUSB20200611161735.0ta940106t1991 it b 001 0 eng  a 92214077 a8876531262 aDLCcCO-MdFUSBdFPDdCO-MdFUSBbspaerda aeng 223a226.4066bF2881 aFearghail, Fearghus Ó.eautor14aThe introduction to Luke-Acts :ba study of the role of Lk 1, 1-4, 44 in the composition of Luke's two-volume work c/ Fearghus Ó Fearghail. 1aRoma :bEditrice Pontificio Istituto biblico,c[1991] 4c© 1991 axii, 256 páginas ;c24 cm. 2rdacontentatextobtdi 2rdamediaasin mediaciónbn 2rdacarrieravolumenbnc1 aAnalecta biblica ; aIncluye referencias bibliográficas (páginas. 185 -209) e índices. aRústico07aBiblia.vLucas 0aAnalecta biblica ;v126. cBK aJTF-925